| 000 | 00759nam a2200205 i 4500 | ||
|---|---|---|---|
| 001 | 41359 | ||
| 003 | ES-MaACL | ||
| 005 | 20250917063030.0 | ||
| 007 | t| | ||
| 008 | 030310s1970 sp ||||1| gao d | ||
| 100 | 1 |
_aCastelao, _d1886-1950 _936475 |
|
| 245 | 1 | 0 |
_aCastelao na voz dos poetas / _cR. Cabanillas [y otros] e aportaciós pra unha bibliografia de Castelao ; Xesús Alonso Montero, Epifanio Ramos de Castro, Ricardo Palmás Casal. |
| 260 |
_a[La Coruña] : _bEdiciós do Castro, _c1970. |
||
| 300 |
_a113 p. : _bil. ; _c19 cm. |
||
| 700 | 1 |
_aAlonso Montero, Xesús. _920364 |
|
| 700 | 1 |
_aRamos de Castro, Epifanio. _995303 |
|
| 700 | 1 |
_aPalmás Casal, Ricardo. _988622 |
|
| 852 |
_aES-MaACL _jC-45317 _bR.77733 |
||
| 999 |
_c41359 _d41359 |
||